000 00840nam a2200253Ia 4500
003 IN-BaIIA
008 211028s9999 xx s 000 0 eng d
020 _a978-3-642-28881-4 (Print)
020 _a978-3-642-28882-1 (Online)
022 _a1860-0832 (Print)
022 _a1860-0840 (Online)
040 _cIIA Library
100 _aIordache, Octavian
_939126
245 0 _aSelf-Evolvable Systems
_h[eBook]
260 _aHeidelberg, Berlin
_bSpringer Berlin Heidelberg
_c2012
300 _aOnline resource
490 _aUnderstanding Complex Systems
650 _a Applications of Nonlinear Dynamics and Chaos Theory
650 _a Complexity
_932377
650 _a Computational Intelligence
_926378
650 _aEngineering
_981
856 _uhttp://doi.org/10.1007/978-3-642-28882-1
_yClick Here to Access eBook
942 _cEB
999 _c21310
_d21310